000 00711nam a2200169 a 4500
008 160901s2014 ||||||||||||||||| || u
050 _aCBU-PG THESIS/KAL
100 _aKalio, Felistus
245 1 3 _aAn investigation of the challenge of land investment agreements in Customary Land: a case study of Chiawa Chiefdom
_cby Felistus Kalio
260 _aKitwe
_bCopperbelt University
_c2014
300 _axii, 109p.: ill.
500 _aBibliography
650 _aLAND TENURE--ZAMBIA
650 _aLAND ADMINISTRATION--ZAMBIA
650 _aCUSTOMARY LAW--ZAMBIA
995 _aSPECIAL COLLECTIONS
_e746639
_FCBU-DAG HAMMARSKJOLD INSTITUTE LIBRARY
_jCBU-PG THESIS/KAL
_M1
_UAVAILABLE
_WSep 1, 2016
_yB2296
_ZUniversity Collection
999 _c331
_d331